000 00322nam a22001337a 4500
008 171102b xxu||||| |||| 00| 0 eng d
020 _a9781885693242
041 _aeng
080 _a339.138
100 _a60
101 _aMAR
245 _aDEVELOPING SUCCESSFUL SPORTR MARKETING PLANS
_cDAVID.K.S
942 _2udc
_cBK
999 _c37313
_d37313